| 000 | 00366nam a22001457a 4500 | ||
|---|---|---|---|
| 082 |
_a355.0009 _bCOR |
||
| 100 |
_aCdrington, G.R _949208 |
||
| 245 | _aThe trttitorail army. | ||
| 250 | _a2nd ed. | ||
| 260 |
_aLondon _bSifton praed & Co ltd. _c1938 |
||
| 300 | _axii, 128 p. | ||
| 526 |
_a0 _b0 _c0 _d355_000900000000000_COR |
||
| 650 |
_aMCE _9379 |
||
| 942 |
_2ddc _cBK |
||
| 999 |
_c552021 _d552021 |
||